Közép-európai mítosz és valóság
Elmentve itt :
| Szerző: | |
|---|---|
| Adatforrás: | Meister |
| Forrásdokumentuma: | A Hét. - 36 sz., 1998, 3 p. |
| Nyelv: | magyar |
| Kulcsszavak: | politikai publicisztika közép-európaiság Tokaj Közép-Európa Tokaji Írótábor |
| LEADER | 00460nab a2200169 i 4500 | ||
|---|---|---|---|
| 001 | bibPRO00007608 | ||
| 008 | 060524s1998 xx hun | ||
| 040 | |a Sz1 | ||
| 041 | |a hun | ||
| 100 | 1 | |a KISS GY. Csaba | |
| 245 | 1 | 0 | |a Közép-európai mítosz és valóság |c KISS GY. Csaba |
| 695 | |a politikai publicisztika | ||
| 695 | |a közép-európaiság | ||
| 695 | |a Tokaj | ||
| 695 | |a Közép-Európa | ||
| 695 | |a Tokaji Írótábor | ||
| 773 | 0 | |t A Hét. - |g 36 sz., 1998, 3 p. | |